LEADER 02307nam 2200505 450 001 000000410 005 20180528115025.0 100 $a20180528d1920----km-y0itay0103----ba 101 0 $aita 102 $aIT 200 1 $a<> questione meridionale e la riforma tributaria$econ prefazione dell'autore a questa ristampa e con bibliografia$fGiustino Fortunato 210 $aRoma$bTrinità monti, 18$c"La voce" Società anonima editrice$d1920$eFirenze$fVia Leonardo da Vinci, 7$gTipografia Ciollini e Concetti 215 $aXVIII, 93 p.$d20 cm 225 $a<> questione meridionale$ecollezione$fsotto gli auspici dell'Ass. Naz. per gli interessi del Mezzogiorno$vn.3 303 $aDopo l'indice due pagine di pubblicità per l'Associazione Nazionale per gli interessi del Mezzogiorno. 303 $aIn quarta di cop. pubblicità editoriale e "Prezzo del presente volume lire cinque" 303 $aPrima del front. dedica manoscritta dell'aut.:"A Sergio De Pilato/ per ricordo/ G. Fortunato". Sulla copertina autografo del possessore e data: "Sergio de Pilato, maggio '920". 308 $aLa collezione si desume dalla cop. 320 $aPubblicazioni posteriori al 1904, p.XVII-XVIII. 320 $aIndice alla fine del testo 327 $aPrefazione, p.V-XVI. 606 $aQuestione meridionale 700 1$aFortunato,$bGiustino$f<1848-1932>$034271 801 0$aIT$bUniversità della Basilicata - B.I.A.$gREICAT$2unimarc 912 $a000000410 996 $aQuestione meridionale e la riforma tributaria$969550 997 $aUNIBAS BAS $aMONLET BAS $aMONOGR BAS $aLETTERE CAT $aGINO$b01$c19990609$lBAS01$h1206 CAT $aGINO$b01$c19990609$lBAS01$h1214 CAT $aGINO$b10$c19990823$lBAS01$h1017 CAT $aGINO$b10$c19990823$lBAS01$h1018 CAT $c20000913$lBAS01$h1423 CAT $c20000920$lBAS01$h1827 CAT $c20001010$lBAS01$h1630 CAT $c20050601$lBAS01$h1752 CAT $abatch$b01$c20050718$lBAS01$h1046 CAT $c20050718$lBAS01$h1106 CAT $c20050718$lBAS01$h1136 CAT $c20050718$lBAS01$h1150 CAT $aATR$b20$c20180528$lBAS01$h1150 FMT Z30 -1$lBAS01$LBAS01$mBOOK$1BASA1$APolo Storico-Umanistico$2FDEP$BFondo De Pilato$3FD/2168$62168$5D2168$819990609$f52$FRari